Đàn đá tiền sử Lộc Ninh /
Guardat en:
| Autor principal: | |
|---|---|
| Format: | Sách giấy |
| Idioma: | Vietnamese |
| Publicat: |
TP. HCM :
Đại học Quốc gia,
2007.
|
| Matèries: | |
| Etiquetes: |
Afegir etiqueta
Sense etiquetes, Sigues el primer a etiquetar aquest registre!
|
| Thư viện lưu trữ: | Thư viện Trường Đại học Đà Lạt |
|---|
| LEADER | 00793nam a2200301 4500 | ||
|---|---|---|---|
| 001 | DLU110128081 | ||
| 005 | ##20111115 | ||
| 040 | # | # | |a DLU |b vie |
| 041 | # | # | |a vie |
| 044 | # | # | |a vn |
| 082 | # | # | |a 930.1 |b PH-M |
| 100 | # | # | |a Phạm Đức Mạnh. |
| 245 | # | # | |a Đàn đá tiền sử Lộc Ninh / |c Phạm Đức Mạnh. |
| 260 | # | # | |a TP. HCM : |b Đại học Quốc gia, |c 2007. |
| 300 | # | # | |a 430 tr. ; |c 21 cm. |
| 650 | # | # | |a Đàn đá |z Việt Nam |z Bình Phước. |
| 650 | # | # | |a Cổ vật |z Việt Nam |z Bình Phước |x Sưu tầm và bảo quản. |
| 923 | # | # | |a 01/2011LS |
| 991 | # | # | |a SH |
| 992 | # | # | |a 24000 |
| 994 | # | # | |a KLS |
| 900 | # | # | |a True |
| 911 | # | # | |a Đào Thị Thu Huyền |
| 925 | # | # | |a G |
| 926 | # | # | |a A |
| 927 | # | # | |a SH |
| 980 | # | # | |a Thư viện Trường Đại học Đà Lạt |